000 00693cam a22002413a 4500
001 26400
003 PGUSA
005 20140828083552.0
008 080823s2008||||xxu|||||s|||||000 | eng d
040 _aPGUSA
_beng
042 _adc
050 4 _aQA
100 1 _aDescartes, René,
_d1596-1650
245 1 0 _aLa géométrie
_h[electronic resource] /
_cRené Descartes
260 _bProject Gutenberg,
_c2008
506 _aPublic domain in the USA.
516 _aElectronic text
653 _aGeometry, Analytic -- Early works to 1800
653 _aGeometry -- Early works to 1800
830 0 _aProject Gutenberg
_v26400
856 4 0 _uhttp://www.gutenberg.org/ebooks/26400
942 _cEB
999 _c255655
_d255655